Cat Breed Picture Quiz - Statistics

General Stats
  • This quiz has been taken 274 times
  • The average score is 5 of 15
Answer Stats
Cat Picture Breed % Correct
Sphynx
61%
Maine Coon
59%
Bengal
58%
Russian Blue
49%
Scottish Fold
47%
Siamese
47%
Persian
44%
Ragdoll
44%
Norwegian Forest
26%
Savannah
19%
Manx
16%
Birman
13%
British Shorthair
13%
Burmese
11%
American Shorthair
9%
No matching quizzes found
Score Distribution
Percent of People with Each Score
Percentile by Number Answered
Your Score History
You have not taken this quiz